000
00246nam a2200097Ia 4500
008
220204s9999 xx 000 0 und d
082
_a
929(540)
_b
IND
245
0
_a
India who's who. 1983, 1984
260
_a
New Delhi
_b
INFA publications
942
_c
BK
999
_c
37088
_d
37088